000 00393nam a22001577a 4500
003 OSt
005 20211005140312.0
008 211005b |||||||| |||| 00| 0 eng d
020 _a0071163069
040 _cHU
082 _a330.015195
100 _aGujarati, Damodar N.; Porter, Dawn C.
_910243
245 _a Essentials of econometrics
300 _aXXV 534
_bPC
_c24CM
942 _2ddc
_cBOOKS
_n0
999 _c9524
_d9524